000 00372nam a2200145Ia 4500
008 191201s2009 xx 000 0 und d
082 _a006.3
_bHAD
100 _aHAN, Jiawei
245 0 _aData Mining Concepts and Techniques
250 _a1st
260 _aN.Delhi
_bMorgam Kaufmann Publshers, Elsevier
_c2009
300 _a550
650 _aB.Tech(CSE)
942 _2ddc
_cBK
999 _c1253
_d1253